[Event "November Lviv Tradition 2019"]
[Site "Lviv"]
[Date "2019.11.20"]
[Round "1.1"]
[White "Frolov, Artur"]
[Black "Kagramanianz, Vartan"]
[Result "1/2-1/2"]
[WhiteElo "2425"]
[BlackElo "2229"]
[Annotator "TA"]
[PlyCount "60"]
[EventDate "2019.09.23"]
[EventType "tourn"]
[EventCountry "UKR"]
[SourceTitle "playchess.com"]
[Source "ChessBase"]
[SourceQuality "1"]
[WhiteTeamCountry "UKR"]
[BlackTeamCountry "ARM"]

{[%evp 13,60,29,28,12,16,-36,12,14,27,14,54,52,56,55,50,59,50,60,68,70,70,61,81,64,62,58,60,61,61,59,68,59,66,66,78,69,72,69,95,79,98,84,77,63,63,63,63,63,63]} 1. e4 c5 2. Nf3 Nc6 3. d4 cxd4 4. Nxd4 Nf6 5. Nc3 d6 6. Bc4 e5 7. Nde2 Be7 8. Bg5 {B57: Classical Sicilian: Sozin with 6...Qb6} O-O 9. O-O ({Better is} 9. Bb3 $11) 9... Be6 (9... Nxe4 $5 10. Nxe4 (10. Bxe7 Nxc3 11. Nxc3 Nxe7 $17) 10... Bxg5 $15) 10. Bb3 {The position is equal.} a6 11. Qd2 Qc7 (11... Nh5 12. Be3 Na5 13. Rfd1 Nxb3 14. axb3 Rc8 15. Rac1 h6 16. Nd5 Bxd5 17. Qxd5 Rc6 {0-1 (39) Alok,S (2205)-Valsecchi,A (2504) Forni di Sopra 2019}) 12. Rad1 $146 ({Predecessor:} 12. Bxf6 Bxf6 13. Nd5 Bxd5 14. Bxd5 Rac8 15. c3 Ne7 {1-0 (32) Brosa Alvarez,R (2197)-Diaz Vinjoy,R Oviedo 2003}) 12... Rad8 13. Bxf6 Bxf6 14. Nd5 Bxd5 $1 15. Bxd5 Ne7 16. Bb3 b5 17. Nc3 Qb7 18. Nd5 Nxd5 19. Bxd5 Qa7 20. c3 g6 21. g3 Kg7 22. Kg2 Qc5 23. a3 Rd7 24. h4 h5 25. Rfe1 Re8 26. Re3 Bd8 27. Rd3 Qc8 28. a4 bxa4 {White is slightly better.} 29. Ra1 Bb6 30. Rxa4 a5 {Accuracy: White = 63%, Black = 50%.} 1/2-1/2

[Event "November Lviv Tradition 2019"]
[Site "Lviv"]
[Date "2019.11.20"]
[Round "1.2"]
[White "Cherniaiev, Tykhon"]
[Black "Roshka, Yevgeniy"]
[Result "1/2-1/2"]
[WhiteElo "2121"]
[BlackElo "2415"]
[Annotator "TA"]
[PlyCount "137"]
[EventDate "2019.09.23"]
[EventType "tourn"]
[EventCountry "UKR"]
[WhiteTeamCountry "UKR"]
[BlackTeamCountry "UKR"]

{[%evp 10,137,33,36,61,64,77,54,64,50,47,37,55,33,55,33,54,39,39,38,44,31,40,28,29,24,97,14,59,8,14,22,12,14,5,18,42,28,27,0,0,0,1,0,0,-4,-3,-13,0,0,0,0,0,-252,-212,-183,-15,-10,-14,-24,-21,-90,-8,-8,0,0,0,0,0,0,0,0,0,0,0,0,0,0,0,0,0,0,0,0,0,0,0,0,0,0,0,0,0,0,0,0,0,0,0,0,0,0,0,0,0,0,0,0,0,0,0,0,0,0,0,0,0,0,0,0,0,0,0,0,0,0,0,0,0,0]} 1. d4 Nf6 2. Nf3 e6 3. g3 b6 4. Bg2 Bb7 5. O-O d6 6. c4 Nbd7 {E16: Queen's Indian: 4 g3 Bb7 5 Bg2 Bb4+} 7. Nc3 g6 8. Qc2 Bg7 {White is slightly better.} 9. b3 O-O 10. Bb2 Qe7 (10... c5 11. Rad1 Qe7 12. dxc5 Nxc5 13. Nd4 Bxg2 14. Kxg2 a6 15. b4 Qb7+ 16. Nf3 {½-½ (32) Artemiev,V (2653)-Amonatov,F (2614) Almaty 2016}) 11. Rad1 a6 12. Rfe1 c5 13. e4 $146 ({Predecessor:} 13. Qd2 Rfd8 14. e4 cxd4 15. Nxd4 {1-0 (47) Bemporad,F (2029)-Cazzaniga,W (2156) Milan 2013}) 13... cxd4 14. Nxd4 Rac8 15. Qd2 Rfd8 16. Nc2 Nc5 17. Ba1 Bc6 {[#]} (17... h5 $11) 18. Nb4 ({Better is} 18. Nd5 $1 $16 {[%mdl 512]} Nxd5 (18... exd5 19. exd5) 19. exd5 (19. cxd5 Bxa1 20. Rxa1 Bb7 $14) 19... Bxa1 20. dxc6) 18... Be8 19. Nd3 (19. Qd4 $14) 19... Ng4 $11 20. h3 Nxd3 21. Qxd3 Ne5 22. Qd2 g5 23. Ne2 b5 24. f4 (24. cxb5 {is more complex.} Bxb5 25. Nd4 Bc6 26. Bc3 Bb7 27. Ba5) 24... gxf4 25. gxf4 Ng6 26. Bxg7 Kxg7 27. cxb5 Bxb5 28. Nd4 Qf6 29. f5 Nh4 30. fxe6 fxe6 31. Qf4 $2 {[%mdl 8192]} (31. a4 $11 Nxg2 32. Kxg2 (32. Qxg2+ Kh8 $11)) 31... Qxf4 32. Nxe6+ Kf7 $2 ({Black should play} 32... Kh8 $19 {( -> ...Qg3!)} 33. Nxf4 Rg8) 33. Nxf4 Rg8 {Strongly threatening ...Rc2.} 34. Kh1 $1 Rc2 {[%cal Rh4g2][%mdl 64] Double Attack} 35. Rg1 {[#]} (35. a4 $11 Rgxg2 36. Nxg2 Nxg2 37. Rg1 (37. axb5 Nxe1 38. Rxe1 axb5 $15)) 35... Rxa2 (35... Bc6 $1 $17 36. Rd4 (36. Rxd6 $2 Nxg2 37. Nd5 Bxd5 $19) 36... Nxg2 37. Rxg2 Rgxg2 38. Nxg2 Ke6) 36. Rxd6 {The position is equal.} Rf2 37. e5 {Threatens to win with Bd5+.} Nxg2 38. Rf6+ Ke8 {And now ...Rc2 would win.} 39. Nd5 $1 Rd2 40. Re6+ Kf7 41. Rf6+ Ke8 42. Re6+ Kf7 43. Rf6+ Kg7 44. Rxg2+ Rxg2 45. Kxg2 {[%mdl 4096] Endgame KRB-KRN} Re8 46. Rb6 Rxe5 47. Nc7 Re2+ 48. Kf3 Rb2 49. Nxa6 Rxb3+ 50. Kf4 Rb1 51. Nc7 Rf1+ 52. Kg3 Bd3 53. Ne6+ Kf7 54. Ng5+ Kg8 55. Rd6 Bg6 (55... Rg1+ {is interesting.} 56. Kf2 Rxg5 57. Rxd3) 56. Nf3 Ra1 57. h4 Ra4 58. Rd4 Ra3 59. Kf4 Kg7 60. Ne5 Be8 61. Kf5 Ba4 62. Rg4+ Kf8 63. Kf6 Ra1 64. Rf4 Bc2 65. Rc4 {[%cal Rc4c8]} Rf1+ 66. Kg5 Rg1+ 67. Kf6 {[%cal Rc4c8]} Rf1+ 68. Kg5 Bf5 69. Rf4 {Accuracy: White = 53%, Black = 59%.} 1/2-1/2

[Event "November Lviv Tradition 2019"]
[Site "Lviv"]
[Date "2019.11.20"]
[Round "1.3"]
[White "Zaika, Daniil"]
[Black "Papunidi, Matvey"]
[Result "1-0"]
[WhiteElo "2274"]
[BlackElo "2052"]
[Annotator "TA"]
[PlyCount "79"]
[EventDate "2019.09.23"]
[EventType "tourn"]
[EventCountry "UKR"]
[SourceTitle "playchess.com"]
[Source "ChessBase"]
[SourceQuality "1"]
[WhiteTeamCountry "RUS"]
[BlackTeamCountry "BLR"]

{[%evp 9,79,49,49,48,62,65,62,62,72,35,36,38,100,100,139,160,151,131,189,101,99,79,75,89,84,80,95,82,74,21,29,26,37,-202,-61,-102,171,173,172,60,134,41,58,48,52,48,43,40,220,8,218,39,90,86,87,73,90,71,403,264,502,500,487,489,1619,1541,1264,1174,2679,2437,1579,1488]} 1. d4 d5 2. c4 c6 3. Nf3 e6 4. Qc2 f5 5. Nc3 Bd6 6. Bg5 {A84: Dutch Defence: 2 c4 Miscellaneous} Nf6 7. Bxf6 gxf6 8. e3 {White is slightly better.} O-O 9. h3 $146 ({Predecessor:} 9. Bd3 Kh8 10. a3 Rg8 11. g3 b6 12. O-O Bb7 {1-0 (36) Cyborowski,L (2529)-Bartkowiak,D (2115) Poznan 2010}) 9... Kh8 10. g4 Qa5 (10... dxc4 $14 11. Bxc4 Na6) 11. c5 $16 Be7 12. gxf5 e5 13. O-O-O b6 (13... Na6 $16 {is a better defense.}) 14. e4 ({But not} 14. dxe5 $6 fxe5 15. Nxe5 Bf6 $14) (14. Rg1 $18) 14... exd4 15. Nxd4 {aiming for Nb3.} bxc5 16. Nb3 $1 {[%cal Rb3a5]} Qc7 17. exd5 Qf4+ 18. Qd2 Bd6 19. dxc6 (19. Bg2 $16) 19... Bxf5 20. Bg2 Na6 {[%cal Bb8a6,Ba6b4,Bb4a2][%mdl 32] White must now prevent ...Nb4.} 21. Nd5 $2 (21. Rhe1 $14 {stays ahead.}) 21... Qa4 ({Weaker is} 21... Qc4+ 22. Qc3 $11) (21... Qh4 $1 $19 22. a3 Rab8) 22. Qa5 Qxa5 $4 {[%mdl 8192]} (22... Qc4+ $1 $17 {keeps the pressure on.} 23. Qc3 Bf4+ 24. Nxf4 Qxf4+ {[%mdl 64] Double Attack} 25. Qd2 Qh4) 23. Nxa5 $18 Nb4 24. Nc4 (24. Nb7 $1 $18 {[%cal Rb7d6]} Be5 25. f4) 24... Nxa2+ $14 25. Kd2 Rad8 26. Nxd6 Rxd6 27. Ke2 {Hoping for Ne3.} Bc2 28. Rd2 $1 {[%cal Rd2c2]} Ba4 $2 ({Black should play} 28... Bb3 $14) 29. Ra1 $2 ({Only move:} 29. c7 $1 $18) 29... Bb5+ $2 {[#]} (29... Bxc6 $11 {and Black has nothing to worry.} 30. Rxa2 Rfd8) 30. Kd1 $2 (30. Ke1 $1 $18) 30... Bc4 ({Better is} 30... Bxc6 $14 31. Rxa2 Bxd5 32. Bxd5 (32. Rxd5 Rxd5+ 33. Bxd5 Rd8 $11) 32... Rfd8) 31. Ne3 $36 {[%mdl 2048] Keeping Black busy.} Bb3+ 32. Ke1 Rxd2 33. Kxd2 {And now Bd5 would win.} Rd8+ $2 {[%mdl 8192]} (33... Rc8 $16) 34. Ke2 a6 $2 {[#]} (34... Bg8 35. Rd1 Rxd1) 35. Bd5 $1 $18 {[%cal Rd5b3] White is clearly winning.} Bxd5 36. Nxd5 Nb4 (36... Rc8 $142 37. Rxa2 Rxc6) 37. Nxb4 cxb4 38. Rxa6 Kg7 39. c7 Rc8 40. Rc6 {Accuracy: White = 43%, Black = 28%.} 1-0

[Event "November Lviv Tradition 2019"]
[Site "Lviv"]
[Date "2019.11.20"]
[Round "1.4"]
[White "Shpanko, Nadiia"]
[Black "Polulikh, Bogdan"]
[Result "0-1"]
[WhiteElo "2207"]
[BlackElo "2286"]
[Annotator "TA"]
[PlyCount "96"]
[EventDate "2019.09.23"]
[EventType "tourn"]
[EventCountry "UKR"]
[SourceTitle "playchess.com"]
[Source "ChessBase"]
[SourceQuality "1"]
[WhiteTeamCountry "UKR"]
[BlackTeamCountry "UKR"]

{[%evp 12,96,19,-20,-12,-8,-8,-21,0,-16,-8,-18,-14,-10,-8,-30,-20,-19,-19,-22,-20,-28,-18,-25,-17,-36,-37,-48,-54,-47,-50,-73,-73,-73,-72,-65,-72,-91,-91,-90,-93,-95,-88,-88,-95,-94,-81,-73,-47,-72,-48,-77,-48,-59,-48,-123,-117,-156,-145,-173,-158,-413,-403,-420,-408,-404,-395,-29971,-29971,-29967,-29971,-29972,-29973,-29974,-29975,-29974,-29974,-29976,-29977,-29977,-29978,-29978,-29979,-29981,-29980,-29980,-29979]} 1. d4 Nf6 2. c4 g6 3. Nc3 d5 4. cxd5 Nxd5 5. Bd2 Bg7 6. Nf3 O-O 7. e3 c5 {D94: Grünfeld: 4 Nf3 Bg7 5 e3} 8. Qb3 Nxc3 (8... Nb4 9. a3 Be6 10. Qd1 N4a6 11. Nb5 Qb6 12. b4 cxd4 13. Nfxd4 Bd7 14. a4 Bxb5 15. axb5 Bxd4 16. exd4 {0-1 (35) Haimovich,T (2409)-Antipov,M (2582) Biel 2019}) 9. Bxc3 Be6 {The position is equal.} 10. Bc4 cxd4 11. Nxd4 Bxc4 12. Qxc4 Qc8 13. Qb4 $146 ({Predecessor:} 13. Qxc8 Rxc8 14. Ke2 Nc6 15. Rac1 Nxd4+ 16. Bxd4 Bxd4 17. exd4 {½-½ (29) Kholmov,R-Spiridonov,N Kapfenberg 1970}) 13... Nc6 14. Nxc6 Qxc6 15. O-O $1 Bxc3 16. bxc3 Rfe8 17. Rab1 b6 18. Rfd1 Rac8 19. Rd3 Qc4 20. Qxc4 Rxc4 $15 {[%mdl 4096] Endgame KRR-KRR} 21. Rb4 Rec8 {...Rxb4 is the strong threat.} 22. Rxc4 Rxc4 $17 {KR-KR} 23. Kf1 e5 24. f3 e4 25. fxe4 Rxe4 26. Ke2 Rg4 27. g3 Ra4 28. Rd2 Kf8 29. Kd3 Ke7 30. e4 Ke6 31. Rf2 f6 32. Rb2 h6 33. Rf2 ({White should try} 33. Ke3 $15) 33... b5 34. Rb2 a6 35. Rf2 Ke5 36. h4 $2 (36. Re2 $17) 36... h5 $19 37. Re2 f5 $1 38. exf5+ Kxf5 39. Ke3 $2 (39. Rd2 $19 Kg4 40. Rg2) 39... Re4+ {Black mates.} 40. Kf3 {[#]} Rxe2 $1 41. Kxe2 {[#] KP-KP} Ke4 $1 42. a3 a5 43. Kd2 Kf3 44. Kd3 Kxg3 45. a4 bxa4 46. c4 Kf4 47. Kd4 a3 48. Kc3 a4 {Accuracy: White = 34%, Black = 79%.} 0-1

[Event "November Lviv Tradition 2019"]
[Site "Lviv"]
[Date "2019.11.20"]
[Round "1.5"]
[White "Bets, Anatolij"]
[Black "Shkuran, Danylo"]
[Result "1/2-1/2"]
[WhiteElo "2258"]
[BlackElo "2345"]
[Annotator "TA"]
[PlyCount "60"]
[EventDate "2019.09.23"]
[EventType "tourn"]
[EventCountry "UKR"]
[WhiteTeamCountry "MDA"]
[BlackTeamCountry "UKR"]

{[%evp 24,60,4,3,8,6,15,0,0,0,0,0,0,0,8,8,8,0,1,0,0,0,0,0,0,0,0,0,0,0,0,0,0,0,0,0,0,0,0]} 1. d4 d5 2. c4 c6 3. cxd5 cxd5 4. Nc3 Nf6 5. Bf4 Nc6 6. e3 a6 7. Nf3 Bg4 8. Be2 e6 9. O-O Bd6 10. Bxd6 Qxd6 11. h3 Bxf3 12. Bxf3 O-O 13. Rc1 {The position is equal.} Rfc8 {D13: Slav Defence: Exchange variation without ...Bf5} (13... Rac8 14. Qd2 Ne7 15. Rc2 Rc7 16. Rfc1 Rfc8 17. a3 g6 18. Na4 Nd7 19. Be2 Rxc2 20. Rxc2 Rxc2 21. Qxc2 Qc6 22. Qxc6 Nxc6 {½-½ (34) Cheparinov,I (2682)-Salgado Lopez,I (2622) Dubai 2014}) 14. Na4 {Hoping for Nb6.} Nd7 15. Nc5 Nxc5 16. Rxc5 Ne7 17. Qb3 b6 18. Rcc1 $146 ({Predecessor:} 18. Rc3 Rxc3 19. bxc3 Rc8 20. Rb1 Rc6 21. Be2 {½-½ (30) Xu,M (2283)-Gao,R (2543) Xinghua 2017}) 18... Rc7 19. Be2 a5 20. Rc3 Rac8 21. Rfc1 g6 22. Ba6 (22. g3 {keeps more tension.} Rxc3 23. Rxc3 Rxc3 24. Qxc3 Qc6 25. Qxc6 Nxc6 26. h4) 22... Rxc3 23. Rxc3 Rxc3 24. Qxc3 Qc6 25. Qxc6 Nxc6 $11 {KB-KN} 26. Bb5 Nd8 27. Ba6 Kf8 28. Kf1 Ke7 29. Ke2 Kd6 30. Kd2 Nc6 {Accuracy: White = 75%, Black = 76%.} 1/2-1/2

[Event "November Lviv Tradition 2019"]
[Site "Lviv"]
[Date "2019.11.21"]
[Round "2.1"]
[White "Kagramanianz, Vartan"]
[Black "Shkuran, Danylo"]
[Result "1/2-1/2"]
[WhiteElo "2229"]
[BlackElo "2345"]
[Annotator "ChessBase"]
[PlyCount "61"]
[EventDate "2019.09.23"]
[EventType "tourn"]
[EventRounds "9"]
[EventCountry "UKR"]
[EventCategory "1"]
[SourceTitle "playchess.com"]
[Source "ChessBase"]
[SourceQuality "1"]
[WhiteTeam "Armenia"]
[BlackTeam "Ukraine"]
[WhiteTeamCountry "ARM"]
[BlackTeamCountry "UKR"]
[TimeControl "5400+30"]

1. d4 d5 2. Nf3 Nf6 3. Bf4 c6 4. e3 Bf5 5. Bd3 Bxd3 6. Qxd3 e6 7. Nbd2 Bd6 8. Bxd6 Qxd6 9. c3 O-O 10. O-O Nbd7 11. e4 dxe4 12. Nxe4 Nxe4 13. Qxe4 Rad8 14. Rad1 h6 15. Rfe1 Rfe8 16. Ne5 Nxe5 17. Qxe5 Qd5 18. Qxd5 exd5 19. Rxe8+ Rxe8 20. Kf1 Kf8 21. Re1 Rxe1+ 22. Kxe1 Ke7 23. Ke2 Ke6 24. Ke3 Kf5 25. Kf3 h5 26. h3 g5 27. g4+ hxg4+ 28. hxg4+ Ke6 29. Ke3 f5 30. f3 fxg4 31. fxg4 1/2-1/2

[Event "November Lviv Tradition 2019"]
[Site "Lviv"]
[Date "2019.11.21"]
[Round "2.2"]
[White "Polulikh, Bogdan"]
[Black "Bets, Anatolij"]
[Result "1-0"]
[WhiteElo "2286"]
[BlackElo "2258"]
[Annotator "ChessBase"]
[PlyCount "77"]
[EventDate "2019.09.23"]
[EventType "tourn"]
[EventRounds "9"]
[EventCountry "UKR"]
[EventCategory "1"]
[SourceTitle "playchess.com"]
[Source "ChessBase"]
[SourceQuality "1"]
[WhiteTeam "Ukraine"]
[BlackTeam "Moldova"]
[WhiteTeamCountry "UKR"]
[BlackTeamCountry "MDA"]
[TimeControl "5400+30"]

1. d4 Nf6 2. Nf3 e6 3. Bg5 d5 4. c4 h6 5. Bf4 c6 6. Nbd2 Bd6 7. Bxd6 Qxd6 8. e3 Nbd7 9. cxd5 exd5 10. Bd3 O-O 11. O-O Re8 12. Qc2 b6 13. Rac1 Bb7 14. Rfd1 Qe7 15. Bf5 g6 16. Bh3 h5 17. Re1 c5 18. dxc5 bxc5 19. Qb3 Rab8 20. Qa3 a6 21. Red1 Ng4 22. Ne1 Qh4 23. Bxg4 Qxg4 24. h3 Qf5 25. Qd3 Qf6 26. b3 Ne5 27. Qf1 Rec8 28. Nd3 Nxd3 29. Qxd3 Qg5 30. Nf3 Qf6 31. Qc3 Qb6 32. Rc2 d4 33. exd4 Bxf3 34. Qxf3 cxd4 35. Rcd2 Rd8 36. Qf4 Qa5 37. Rxd4 Rxd4 38. Qxd4 Qxa2 39. Qc4 1-0

[Event "November Lviv Tradition 2019"]
[Site "Lviv"]
[Date "2019.11.21"]
[Round "2.3"]
[White "Papunidi, Matvey"]
[Black "Shpanko, Nadiia"]
[Result "1/2-1/2"]
[WhiteElo "2052"]
[BlackElo "2207"]
[Annotator "ChessBase"]
[PlyCount "70"]
[EventDate "2019.09.23"]
[EventType "tourn"]
[EventRounds "9"]
[EventCountry "UKR"]
[EventCategory "1"]
[SourceTitle "playchess.com"]
[Source "ChessBase"]
[SourceQuality "1"]
[WhiteTeam "Belarus"]
[BlackTeam "Ukraine"]
[WhiteTeamCountry "BLR"]
[BlackTeamCountry "UKR"]
[TimeControl "5400+30"]

1. e4 c5 2. Nf3 Nf6 3. e5 Nd5 4. d4 cxd4 5. Qxd4 e6 6. Bd3 Nc6 7. Qg4 Qc7 8. Qe4 Ncb4 9. O-O Nxd3 10. cxd3 d6 11. d4 Bd7 12. Bd2 Bc6 13. Qe2 Qb6 14. Na3 dxe5 15. Nc4 Qa6 16. Nfxe5 Bb5 17. Rfc1 Be7 18. Qg4 O-O 19. Bh6 Bf6 20. a4 Bxc4 21. Rxc4 Rfd8 22. Rac1 Qb6 23. h4 Qxb2 24. h5 Bxe5 25. dxe5 Qxe5 26. Re4 f5 27. Qg5 Qb2 28. Rxe6 Kh8 29. Qd2 Qxd2 30. Bxd2 h6 31. Re5 Nf6 32. Be3 Nxh5 33. Rxf5 Nf6 34. Bxh6 Rd4 35. Bg5 Rf8 1/2-1/2

[Event "November Lviv Tradition 2019"]
[Site "Lviv"]
[Date "2019.11.21"]
[Round "2.4"]
[White "Roshka, Yevgeniy"]
[Black "Zaika, Daniil"]
[Result "1-0"]
[WhiteElo "2415"]
[BlackElo "2274"]
[Annotator "ChessBase"]
[PlyCount "49"]
[EventDate "2019.09.23"]
[EventType "tourn"]
[EventRounds "9"]
[EventCountry "UKR"]
[EventCategory "1"]
[SourceTitle "playchess.com"]
[Source "ChessBase"]
[SourceQuality "1"]
[WhiteTeam "Ukraine"]
[BlackTeam "Russia"]
[WhiteTeamCountry "UKR"]
[BlackTeamCountry "RUS"]
[TimeControl "5400+30"]

1. d4 d5 2. c4 c6 3. Nf3 Nf6 4. Nc3 e6 5. g3 dxc4 6. Bg2 b5 7. Ne5 Nd5 8. e4 Nxc3 9. bxc3 Be7 10. Qg4 O-O 11. O-O Bb7 12. Bh6 Bf6 13. Nxc4 bxc4 14. e5 Nd7 15. Rab1 Nb6 16. Be4 Re8 17. exf6 g6 18. Bg5 e5 19. Rfd1 exd4 20. Rxd4 Qc8 21. Qh4 Re5 22. Rbd1 Qe8 23. f3 Ra5 24. Qh6 Qf8 25. Rd8 1-0

[Event "November Lviv Tradition 2019"]
[Site "Lviv"]
[Date "2019.11.21"]
[Round "2.5"]
[White "Frolov, Artur"]
[Black "Cherniaiev, Tykhon"]
[Result "1-0"]
[WhiteElo "2425"]
[BlackElo "2121"]
[Annotator "ChessBase"]
[PlyCount "135"]
[EventDate "2019.09.23"]
[EventType "tourn"]
[EventRounds "9"]
[EventCountry "UKR"]
[EventCategory "1"]
[SourceTitle "playchess.com"]
[Source "ChessBase"]
[SourceQuality "1"]
[WhiteTeam "Ukraine"]
[BlackTeam "Ukraine"]
[WhiteTeamCountry "UKR"]
[BlackTeamCountry "UKR"]
[TimeControl "5400+30"]

1. c4 e5 2. Nc3 Bb4 3. g3 Bxc3 4. dxc3 Nc6 5. Bg2 Nge7 6. c5 d6 7. cxd6 Qxd6 8. Qxd6 cxd6 9. f4 Be6 10. Nf3 f6 11. Kf2 O-O-O 12. Rd1 Rhe8 13. e3 d5 14. b4 exf4 15. exf4 Nf5 16. b5 Na5 17. Nd4 Nxd4 18. Rxd4 Nc4 19. a4 f5 20. Ba3 Bf7 21. Bf3 Ne3 22. Ra2 Ng4+ 23. Bxg4 fxg4 24. a5 Re4 25. Bc5 Kb8 26. Rad2 Rde8 27. Bd6+ Kc8 28. Be5 Rxd4 29. Bxd4 g6 30. Bxa7 Re4 31. Bd4 Be8 32. a6 bxa6 33. bxa6 Re6 34. Ra2 Bc6 35. Be5 Ba8 36. Ke3 Rc6 37. Ra5 h5 38. Kd3 Rb6 39. Kd4 Kd7 40. Kc5 Rc6+ 41. Kb5 Kc8 42. Ra2 Re6 43. Ka5 Kd7 44. Rb2 g5 45. Rb7+ Bxb7 46. axb7 Re8 47. fxg5 Rxe5 48. b8=Q Rxg5 49. Qf4 Rg7 50. Qf5+ Ke7 51. Qxd5 Kf8 52. Qxh5 Rc7 53. Qxg4 Rc5+ 54. Kb6 Rc4 55. Qf5+ Ke8 56. Qe5+ Kf8 57. Qd5 Rxc3 58. Qf5+ Kg8 59. Qg6+ Kh8 60. Qf6+ Kg8 61. Qxc3 Kh7 62. Qf6 Kg8 63. Qe7 Kh8 64. g4 Kg8 65. g5 Kh8 66. g6 Kg8 67. Qf7+ Kh8 68. Qh7# 1-0

[Event "November Lviv Tradition 2019"]
[Site "Lviv"]
[Date "2019.11.21"]
[Round "3.1"]
[White "Cherniaiev, Tykhon"]
[Black "Kagramanianz, Vartan"]
[Result "1/2-1/2"]
[WhiteElo "2121"]
[BlackElo "2229"]
[Annotator "ChessBase"]
[PlyCount "60"]
[EventDate "2019.09.23"]
[EventType "tourn"]
[EventRounds "9"]
[EventCountry "UKR"]
[EventCategory "1"]
[SourceTitle "playchess.com"]
[Source "ChessBase"]
[SourceQuality "1"]
[WhiteTeam "Ukraine"]
[BlackTeam "Armenia"]
[WhiteTeamCountry "UKR"]
[BlackTeamCountry "ARM"]
[TimeControl "5400+30"]

1. Nf3 Nf6 2. b3 d5 3. Bb2 g6 4. e3 Bg7 5. d4 O-O 6. Bd3 c5 7. O-O cxd4 8. exd4 Nc6 9. a3 Bg4 10. Nbd2 Bf5 11. Qe2 Bxd3 12. Qxd3 e6 13. Rfe1 Qb6 14. Rac1 Rac8 15. Ne5 Rfd8 16. Ba1 Nd7 17. Nef3 a5 18. c4 Qa6 19. Qb1 Nf6 20. Ne5 dxc4 21. Ndxc4 Nd5 22. Qe4 Nce7 23. Nd3 b6 24. a4 Nf5 25. Nde5 Nf6 26. Qe2 Qb7 27. Rcd1 Nd5 28. Qe4 Rc7 29. Bb2 Nb4 30. Qe2 Nc6 1/2-1/2

[Event "November Lviv Tradition 2019"]
[Site "Lviv"]
[Date "2019.11.21"]
[Round "3.2"]
[White "Zaika, Daniil"]
[Black "Frolov, Artur"]
[Result "1-0"]
[WhiteElo "2274"]
[BlackElo "2425"]
[Annotator "ChessBase"]
[PlyCount "53"]
[EventDate "2019.09.23"]
[EventType "tourn"]
[EventRounds "9"]
[EventCountry "UKR"]
[EventCategory "1"]
[SourceTitle "playchess.com"]
[Source "ChessBase"]
[SourceQuality "1"]
[WhiteTeam "Russia"]
[BlackTeam "Ukraine"]
[WhiteTeamCountry "RUS"]
[BlackTeamCountry "UKR"]
[TimeControl "5400+30"]

1. d4 f5 2. Bg5 g6 3. h4 h6 4. Bf4 Bg7 5. Nc3 Nf6 6. e3 d6 7. Bc4 Nbd7 8. Nf3 c6 9. Qd3 Qa5 10. O-O-O b5 11. Bb3 b4 12. Qc4 bxc3 13. Qf7+ Kd8 14. Qxg7 cxb2+ 15. Kxb2 Rh7 16. Qxg6 Nf8 17. Qg3 Be6 18. Nd2 Rb8 19. c4 Qb4 20. e4 Bxc4 21. Nxc4 Qxc4 22. Ka1 Rxb3 23. Qxb3 Qxb3 24. axb3 Nxe4 25. Rhf1 Ne6 26. Bd2 Nxd4 27. Ba5+ 1-0

[Event "November Lviv Tradition 2019"]
[Site "Lviv"]
[Date "2019.11.21"]
[Round "3.3"]
[White "Shpanko, Nadiia"]
[Black "Roshka, Yevgeniy"]
[Result "0-1"]
[WhiteElo "2207"]
[BlackElo "2415"]
[Annotator "ChessBase"]
[PlyCount "140"]
[EventDate "2019.09.23"]
[EventType "tourn"]
[EventRounds "9"]
[EventCountry "UKR"]
[EventCategory "1"]
[SourceTitle "playchess.com"]
[Source "ChessBase"]
[SourceQuality "1"]
[WhiteTeam "Ukraine"]
[BlackTeam "Ukraine"]
[WhiteTeamCountry "UKR"]
[BlackTeamCountry "UKR"]
[TimeControl "5400+30"]

1. d4 d6 2. e4 Nf6 3. Nc3 e5 4. Nf3 Nbd7 5. Bc4 Be7 6. O-O O-O 7. h3 c6 8. Bb3 b5 9. Qe2 a5 10. d5 cxd5 11. Bxd5 Nxd5 12. Nxd5 Nf6 13. Nxe7+ Qxe7 14. Bg5 h6 15. Bxf6 Qxf6 16. Rfd1 b4 17. a3 bxa3 18. Rxa3 Bb7 19. Nd2 Rfc8 20. Nf1 Rc5 21. Ng3 g6 22. Qd2 Kg7 23. Rf3 Qe6 24. Qxd6 Qxd6 25. Rxd6 Bc6 26. Rd2 f5 27. Rb3 f4 28. Ne2 Bxe4 29. Rd7+ Kf6 30. Rb6+ Kg5 31. c3 a4 32. f3 Bf5 33. Rd2 a3 34. bxa3 Rxa3 35. Kf2 Ra1 36. Rbd6 Rb5 37. Rd1 Rxd1 38. Rxd1 Rb2 39. Rd5 Kf6 40. Ke1 Be6 41. Rd2 Rxd2 42. Kxd2 Bc4 43. Ke1 g5 44. h4 gxh4 45. Ng1 Bd3 46. Nh3 Ke6 47. Nf2 Bf5 48. Kf1 Kd5 49. Ke2 Kc4 50. Kd2 h5 51. Nh3 Bd3 52. Ke1 Kxc3 53. Ng5 Kd4 54. Kf2 Bf5 55. Ke2 Kd5 56. Kf2 Bg6 57. Nh3 Bd3 58. Ng5 Kd6 59. Ke1 Ke7 60. Nh3 Bf5 61. Ke2 Bxh3 62. gxh3 Ke6 63. Kd2 Kd5 64. Kd3 e4+ 65. fxe4+ Ke5 66. Ke2 Kxe4 67. Kf2 f3 68. Kf1 Kf4 69. Kg1 Ke5 70. Kf1 Ke4 0-1

[Event "November Lviv Tradition 2019"]
[Site "Lviv"]
[Date "2019.11.21"]
[Round "3.4"]
[White "Bets, Anatolij"]
[Black "Papunidi, Matvey"]
[Result "1/2-1/2"]
[WhiteElo "2258"]
[BlackElo "2052"]
[Annotator "ChessBase"]
[PlyCount "26"]
[EventDate "2019.09.23"]
[EventType "tourn"]
[EventRounds "9"]
[EventCountry "UKR"]
[EventCategory "1"]
[SourceTitle "playchess.com"]
[Source "ChessBase"]
[SourceQuality "1"]
[WhiteTeam "Moldova"]
[BlackTeam "Belarus"]
[WhiteTeamCountry "MDA"]
[BlackTeamCountry "BLR"]
[TimeControl "5400+30"]

1. d4 d5 2. c4 c6 3. e3 e6 4. Nc3 f5 5. g4 fxg4 6. Qxg4 Nf6 7. Qg2 Bd6 8. Qxg7 Rg8 9. Qh6 Rg6 10. Qh4 Rg4 11. Qh6 Rg6 12. Qh4 Rg4 13. Qh6 Rg6 1/2-1/2